Juvenilia.

Bibliographic Details
Main Author: MacLeod, Wendy
Corporate Author: Alexander Street (Firm)
Format: eBook
Language:English
Published: Alexandria, VA : Alexander Street Press, 2012.
Edition:1st electronic ed.
Series:Twentieth century North American drama
Subjects:
Online Access:Connect to the full text of this electronic book

MARC

Tag First Indicator Second Indicator Subfields
LEADER 00000cam a2200000 a 4500
001 in00005637708
006 m o d
007 cr |n||||||||a
008 121002s2012 vau o 000 0 eng d
005 20250331202422.1
035 |a (OCoLC)ocn812451578 
040 |a ALSTP  |b eng  |e pn  |c ALSTP  |d OCLCO  |d OCLCQ  |d OCLCF  |d RRP  |d MUQ  |d OCLCO  |d OCLCQ  |d OCLCO  |d OCLCQ  |d BRX  |d WYU  |d YOU  |d CNCEN  |d OCLCA  |d UAB  |d OCLCO  |d SFB  |d OCLCO  |d OCLCA  |d OCLCO  |d OCL  |d OCLCQ  |d OCLCO  |d OCLCL  |d OCLCQ 
035 |a (OCoLC)812451578 
050 4 |a PS634 
082 1 4 |a 812.54  |q OCoLC 
049 |a TXAM 
100 1 |a MacLeod, Wendy. 
245 1 0 |a Juvenilia. 
250 |a 1st electronic ed. 
260 |a Alexandria, VA :  |b Alexander Street Press,  |c 2012. 
300 |a 1 online resource. 
336 |a text  |b txt  |2 rdacontent 
337 |a computer  |b c  |2 rdamedia 
338 |a online resource  |b cr  |2 rdacarrier 
347 |a data file  |2 rda 
490 0 |a Twentieth century North American drama 
500 |a Title from HTML t.p. (viewed Oct. 1, 2012). 
500 |a Originally published in 2004. 
518 |a First performed at Playwrights Horizons, New York, NY in 2003. 
650 0 |a American drama  |x Women authors. 
650 0 |a American drama. 
650 6 |a Théâtre américain. 
650 7 |a American drama  |2 fast 
650 7 |a American drama  |x Women authors  |2 fast 
655 7 |a Electronic books.  |2 local 
655 7 |a Drama  |2 fast 
655 7 |a Drama.  |2 lcgft 
655 7 |a Théâtre.  |2 rvmgf 
710 2 |a Alexander Street (Firm) 
758 |i has work:  |a Juvenilia (Text)  |1 https://id.oclc.org/worldcat/entity/E39PCH33Q8gphTyDtgm7q8bq33  |4 https://id.oclc.org/worldcat/ontology/hasWork 
856 4 0 |u http://proxy.library.tamu.edu/login?url=https://www.aspresolver.com/aspresolver.asp?NADR;PL038432  |z Connect to the full text of this electronic book  |t 0 
936 |a BATCHLOAD 
955 |a Alexander Street - Twentieth Century North American Drama 
994 |a 92  |b TXA 
999 f f |s d1d7b178-ba07-42af-bf93-b1379aa11810  |i 84bba0b8-2780-4d91-ac74-ddd2f9455739  |t 0 
952 f f |a Texas A&M University  |b College Station  |c Electronic Resources  |d Available Online  |t 0  |e PS634   |h Library of Congress classification 
998 f f |a PS634   |t 0  |l Available Online